书目信息 |
| 题名: |
国际刑法通论
|
|
| 作者: | 张智辉, 著 | |
| 分册: | ||
| 出版信息: | 北京 中国政法大学出版社 2009.04 |
|
| 页数: | 526页 | |
| 开本: | 23cm | |
| 丛书名: | 中青年法学文库 | |
| 单 册: | ||
| 中图分类: | D997.9 | |
| 科图分类: | ||
| 主题词: | 国际刑法--guo ji xing fa--概论 | |
| 电子资源: | ||
| ISBN: | 978-7-5620-1793-6 | |
| 000 | 00917nam 2200265 450 | |
| 001 | 2366840895 | |
| 005 | 20231125183420.54 | |
| 010 | @a978-7-5620-1793-6@dCNY49.00@z7-5620-1793-X | |
| 100 | @a20090606d2009 em y0chiy50 ea | |
| 101 | 0 | @achi |
| 102 | @aCN@b110000 | |
| 105 | @ay a 000yy | |
| 200 | 1 | @a国际刑法通论@Aguo ji xing fa tong lun@f张智辉著 |
| 205 | @a第3版 | |
| 210 | @a北京@c中国政法大学出版社@d2009.04 | |
| 215 | @a526页@d23cm | |
| 225 | 2 | @a中青年法学文库@Azhong qing nian fa xue wen ku |
| 320 | @a有书目 (第525-526页) | |
| 330 | @a本书在翔实地介绍了现有国际刑法规范的基础上, 系统地介绍了论述了国际刑法的基本原理, 全面地反映了国际刑法的新发展和国际刑法学研究的新成果。 | |
| 410 | 0 | @12001 @a中青年法学文库 |
| 606 | 0 | @a国际刑法@Aguo ji xing fa@x概论 |
| 690 | @aD997.9@v4 | |
| 701 | 0 | @a张智辉,@Azhang zhi hui@f1954- @4著 |
| 801 | 0 | @aCN@bRENTIAN@c20090606 |
| 905 | @aBZT@dD997.9@e3=3 | |
| 国际刑法通论/张智辉著.-第3版.-北京:中国政法大学出版社,2009.04 |
| 526页;23cm.-(中青年法学文库) |
| ISBN 978-7-5620-1793-6:CNY49.00 |
| 本书在翔实地介绍了现有国际刑法规范的基础上, 系统地介绍了论述了国际刑法的基本原理, 全面地反映了国际刑法的新发展和国际刑法学研究的新成果。 |
| ● |
| 相关链接 |
|
|
|
正题名:国际刑法通论
索取号:D997.9/3=3
 
预约/预借
| 序号 | 登录号 | 条形码 | 馆藏地/架位号 | 状态 | 备注 |
| 1 | 2001091786 | 2001091786 | 东辅楼二楼书库/ [索取号:D997.9/3=3] | 在馆 | |
| 2 | 2001091787 | 2001091787 | 东辅楼二楼书库/ [索取号:D997.9/3=3] | 在馆 | |
| 3 | 2001091788 | 2001091788 | 东辅楼二楼书库/ [索取号:D997.9/3=3] | 在馆 | |
| 4 | 2001091789 | 2001091789 | 东辅楼二楼书库/ [索取号:D997.9/3=3] | 在馆 | |
| 5 | 2001091790 | 2001091790 | 东辅楼二楼书库/ [索取号:D997.9/3=3] | 在馆 | |
| 6 | 2001091791 | 2001091791 | 东辅楼二楼书库/ [索取号:D997.9/3=3] | 在馆 | |
| 7 | 2001091792 | 2001091792 | 东辅楼二楼书库/ [索取号:D997.9/3=3] | 在馆 | |
| 8 | 2001091793 | 2001091793 | 东辅楼二楼书库/ [索取号:D997.9/3=3] | 在馆 | |
| 9 | 2001091794 | 2001091794 | 东辅楼二楼书库/ [索取号:D997.9/3=3] | 在馆 | |
| 10 | 2001091795 | 2001091795 | 东辅楼二楼书库/ [索取号:D997.9/3=3] | 在馆 | |
| 11 | 2001091796 | 2001091796 | 东辅楼二楼书库/ [索取号:D997.9/3=3] | 在馆 | |
| 12 | 2001091797 | 2001091797 | 东辅楼二楼书库/ [索取号:D997.9/3=3] | 在馆 | |
| 13 | 2001091798 | 2001091798 | 东辅楼二楼书库/ [索取号:D997.9/3=3] | 在馆 | |
| 14 | 2001091799 | 2001091799 | 东辅楼二楼书库/ [索取号:D997.9/3=3] | 在馆 | |
| 15 | 2001091800 | 2001091800 | 东辅楼二楼书库/ [索取号:D997.9/3=3] | 在馆 | |
| 16 | 2001091801 | 2001091801 | 东辅楼二楼书库/ [索取号:D997.9/3=3] | 在馆 | |
| 17 | 2001091802 | 2001091802 | 东辅楼二楼书库/ [索取号:D997.9/3=3] | 在馆 | |
| 18 | 2001091803 | 2001091803 | 东辅楼二楼书库/ [索取号:D997.9/3=3] | 在馆 | |
| 19 | 2001091804 | 2001091804 | 东辅楼二楼书库/ [索取号:D997.9/3=3] | 在馆 | |
| 20 | 2001091805 | 2001091805 | 东辅楼二楼书库/ [索取号:D997.9/3=3] | 在馆 | |
| 21 | 2001091806 | 2001091806 | 东辅楼二楼书库/ [索取号:D997.9/3=3] | 在馆 | |
| 22 | 2001091807 | 2001091807 | 东辅楼二楼书库/ [索取号:D997.9/3=3] | 在馆 | |
| 23 | 2001091808 | 2001091808 | 东辅楼二楼书库/ [索取号:D997.9/3=3] | 在馆 | |
| 24 | 2001091809 | 2001091809 | 东辅楼二楼书库/ [索取号:D997.9/3=3] | 在馆 | |
| 25 | 2001091810 | 2001091810 | 东辅楼二楼书库/ [索取号:D997.9/3=3] | 在馆 | |
| 26 | 2001091811 | 2001091811 | 东辅楼二楼书库/ [索取号:D997.9/3=3] | 在馆 | |
| 27 | 2001091812 | 2001091812 | 东辅楼二楼书库/ [索取号:D997.9/3=3] | 在馆 | |
| 28 | 2001091813 | 2001091813 | 东辅楼二楼书库/ [索取号:D997.9/3=3] | 在馆 | |
| 29 | 2001091814 | 2001091814 | 东辅楼二楼书库/ [索取号:D997.9/3=3] | 在馆 | |
| 30 | 2001091815 | 2001091815 | 东辅楼二楼书库/ [索取号:D997.9/3=3] | 在馆 |